Amsterdam : guía visual

Guardado en:
Formato: Libro
Publicado: Buenos Aires : Clarín, 1999
Series:Biblioteca Clarín. Serie Guías Visuales
Materias:
Etiquetas: Agregar Etiqueta
Sin Etiquetas, Sea el primero en etiquetar este registro!
LEADER 00729nam a22002295a 4500
001 CEM.cems011972
005 20070514185948.0
008 130507s1999##################000#0#####d
003 CEMS
020 |a 9507821120 
082 0 4 |a 914.9204 
245 0 0 |a Amsterdam :  |b guía visual 
260 |a Buenos Aires :  |b Clarín,  |c 1999 
300 |a 143 p. 
490 0 |a Biblioteca Clarín. Serie Guías Visuales 
500 |a Arquitectura -- Historia -- Museos -- Mapas -- Paseos -- Compras -- Datos -- Servicios 
505 0 |a Guía de viajes y turismo 
653 |a Turismo 
653 |a Amsterdam-guías visuales 
653 |a Holanda-turismo 
653 |a Amsterdam-turismo 
859 |a CEMS  |b BIB. CEMS - 11 de abril  |h 914.9204  |i C394  |p 23086.05  |t Ej.1